[Event "Chigorin Memorial 27th"]
[Site "St Petersburg"]
[Date "2019.10.08"]
[Round "4"]
[White "Ponomarev, Denis1111"]
[Black "Golovanskikh, Dmitriy"]
[Result "1-0"]
[WhiteElo "2031"]
[BlackElo "1764"]
[PlyCount "65"]
[EventDate "2019.10.05"]
[EventType "swiss"]
[EventRounds "9"]
[EventCountry "RUS"]
[SourceTitle "EXT 2020"]
[Source "ChessBase"]
[SourceDate "2019.10.17"]
[SourceVersion "1"]
[SourceVersionDate "2019.10.17"]
[SourceQuality "1"]

1. e4 c6 2. d4 d5 3. e5 c5 4. dxc5 Nc6 5. a3 Nxe5 6. b4 g6 7. Bb2 Bg7 8. Ra2 Kf8 9. Be2 Be6 10. Bd4 Nh6 11. c3 Nf5 12. Nf3 Nxf3+ 13. Bxf3 Nxd4 14. cxd4 a5 15. b5 a4 16. 0-0 Qa5 17. Rb2 Rd8 18. Rb4 Bf5 19. Re1 Bxb1 20. Qxb1 e6 21. Qd3 Bf6 22. b6 Kg7 23. Rc1 Bg5 24. Rcb1 Rc8 25. Qd1 Ra8 26. Be2 e5 27. Bb5 exd4 28. Qxd4+ Bf6 29. Qxd5 Rhd8 30. Qxb7 Bc3 31. Bc4 Bxb4 32. axb4 Qxb4 33. Rxb4 1-0